Výstupné zariadenia počítača - prostriedky pre sprístupnenie výsledkov spracovania bakalárska práca

Na minha lista:
Detalhes bibliográficos
Autor principal: Buštorová, Martina
Autor Corporativo: Fakulta hospodárskej informatiky EU. Katedra aplikovanej informatiky
Outros Autores: Cárachová, Magdaléna
Formato: Livro
Idioma:eslovaco
Publicado em: Bratislava 2009
Tags: Adicionar Tag
Sem tags, seja o primeiro a adicionar uma tag!

MARC

LEADER 00000nam$a2200000$$$4500
001 0103713
005 20240319123001.0
041 0 |a slo 
044 |a SK 
245 1 0 |a Výstupné zariadenia počítača - prostriedky pre sprístupnenie výsledkov spracovania  |b bakalárska práca  |c Martina Buštorová ; škol. Magdaléna Cárachová 
264 1 |a Bratislava  |c 2009 
300 |a 40 s. 
100 1 |a Buštorová, Martina 
700 1 |a Cárachová, Magdaléna 
710 2 |a Fakulta hospodárskej informatiky EU. Katedra aplikovanej informatiky